000
00213nam a2200097Ia 4500
008
220204s9999 xx 000 0 und d
082
_a
82-3
_b
STO
100
_a
Stone, Irving
245
0
_a
Lust for life
942
_c
BK
999
_c
32145
_d
32145